000 00594nam a2200181 i 4500
001 109239
003 ES-MaACL
005 20251011063122.0
007 t|
008 061121s1946 sp r ||||1| spa d
100 1 _aMiserachs Rigalt, Antonio,
_d1908-1982
_981646
245 1 3 _aEl copyright norteamericano comparado con el derecho de autor en Inglaterra y EspaƱa /
_cAntonio Miserachs.
260 _aBarcelona :
_bBosch,
_c1946.
300 _a228 p. ;
_c23 cm.
650 0 7 _aPropiedad intelectual
_2embne
_916488
852 _aES-MaACL
_jE-1752
_bR.22534
999 _c109239
_d109239